[Event "Solingen-ch"]
[Site "Solingen"]
[Date "2013.10.11"]
[Round "3"]
[White "Nink, Niklas"]
[Black "Kraemer, Roland"]
[Result "1-0"]
[WhiteElo "1454"]
[BlackElo "1637"]
[PlyCount "21"]
[EventDate "2013.09.13"]
[EventType "swiss"]
[EventRounds "7"]
[EventCountry "GER"]
[SourceTitle "EXT 2015"]
[Source "ChessBase"]
[SourceDate "2014.11.20"]
[SourceVersion "1"]
[SourceVersionDate "2014.11.20"]
[SourceQuality "1"]

1. e4 c5 2. Nf3 e6 3. d4 cxd4 4. Nxd4 Bc5 5. Nc3 Qb6 6. Nb3 Bxf2+ 7. Ke2 Bh4 8. Be3 Qd8 9. Nb5 Be7 10. Bf4 Nf6 11. Bc7 1-0

[Event "Solingen-ch"]
[Site "Solingen"]
[Date "2013.09.13"]
[Round "1"]
[White "Goerke, Joachim"]
[Black "Kraemer, Roland"]
[Result "1-0"]
[WhiteElo "2094"]
[BlackElo "1637"]
[PlyCount "79"]
[EventDate "2013.09.13"]
[EventType "swiss"]
[EventRounds "7"]
[EventCountry "GER"]
[SourceTitle "EXT 2015"]
[Source "ChessBase"]
[SourceDate "2014.11.20"]
[SourceVersion "1"]
[SourceVersionDate "2014.11.20"]
[SourceQuality "1"]

1. d4 f5 2. c4 e6 3. Nc3 Nf6 4. g3 Be7 5. Bg2 0-0 6. Nf3 Ne4 7. Qc2 Nxc3 8. Qxc3 Nc6 9. a3 Bf6 10. h4 d6 11. Bg5 Bd7 12. b4 e5 13. dxe5 dxe5 14. Rd1 Bxg5 15. Nxg5 Qe7 16. b5 Nd4 17. Bxb7 Rae8 18. Bd5+ Kh8 19. Rd2 c6 20. bxc6 Bxc6 21. Bxc6 Nxc6 22. 0-0 h6 23. Nf3 e4 24. Nd4 Ne5 25. f4 e3 26. Rb2 Ng4 27. c5 Qe4 28. c6 Nf2 29. Nf3 Rf6 30. Rc2 Rg6 31. Rxf2 exf2+ 32. Kxf2 Rc8 33. Ne5 Re6 34. Qd3 Qh1 35. Qxf5 Qh2+ 36. Kf3 Qh1+ 37. Kg4 Ree8 38. Nf7+ Kg8 39. Nd6 Rf8 40. Qe6+ 1-0